Music Quiz

Random Music or Bands Quiz
Score 0/58 Timer 04:00
0 Plays Today
Partial Band Name Full Band Name % Correct
DixieDixie Chicks
92%
ChicksDixie Chicks
92%
CountingCounting Crows
90.8%
CrowsCounting Crows
90.8%
SisterTwisted Sister
83.5%
TwistedTwisted Sister
83.5%
DireDire Straits
81.4%
StraitsDire Straits
81.3%
GreenGreen Day
80.9%
DayGreen Day
80.9%
DaftDaft Punk
76.8%
PunkDaft Punk
76.8%
ModestModest Mouse
75.8%
MouseModest Mouse
75.8%
DeadDead Kennedys
72.2%
KennedysDead Kennedys
72.2%
WeekendVampire Weekend
70%
VampireVampire Weekend
70%
Arctic Arctic Monkeys
70%
MonkeysArctic Monkeys
70%
CollectiveCollective Soul
58.6%
SoulCollective Soul
58.6%
EditionNew Edition
56.3%
NewNew Edition
56.3%
BadBad Religion
56.2%
ReligionBad Religion
56.2%
BrightBright Eyes
53.9%
EyesBright Eyes
53.9%
HumanHuman League
52.9%
Partial Band Name Full Band Name % Correct
LeagueHuman League
52.9%
TalkTalk Talk
50.9%
TalkTalk Talk
50.9%
TalkGirl Talk
46.6%
GirlGirl Talk
46.6%
JurassicJurassic 5
46.3%
5Jurassic 5
46.3%
CaptainCaptain Beefheart
39.3%
BeefheartCaptain Beefheart
39.3%
AnimalAnimal Collective
37%
CollectiveAnimal Collective
37%
AfghanAfghan Whigs
34.3%
WhigsAfghan Whigs
34.3%
TrapTemper Trap
33%
TemperTemper Trap
33%
JacksonLuscious Jackson
30.7%
LusciousLuscious Jackson
30.7%
CatCat Power
30.2%
PowerCat Power
30.2%
StarMazzy Star
29.4%
MazzyMazzy Star
29.4%
UncleUncle Tupelo
28.3%
TupeloUncle Tupelo
28.3%
BeautifulBeautiful South
26.5%
SouthBeautiful South
26.5%
VagueNouvelle Vague
22.3%
NouvelleNouvelle Vague
22.3%
MojaveMojave 3
20.6%
3Mojave 3
20.6%
Remove Ads.
Support Sporcle.
Get the best of Sporcle when you Go Orange. This ad-free experience offers more features, more stats, and more fun while also helping to support Sporcle. Thank you for becoming a member.

You're not logged in!

Compare scores with friends on all Sporcle quizzes.
OR
Log In

Sporcle TV

Today on Sporcle TV


Watch our educational content, quiz creation guides, and fun videos on Sporcle TV.

Show Comments

Extras

Top Quizzes Today


Score Distribution

Paid Content

Your Account Isn't Verified!

In order to create a playlist on Sporcle, you need to verify the email address you used during registration. Go to your Sporcle Settings to finish the process.

Report this User

Report this user for behavior that violates our Community Guidelines.

Details: